LEADER 01493nam a2200337 u 4500 001 000000030341 003 CaOOAMICUS 005 20070226112021.0 008 970912c19811975nyu u000 u eng u 020 $a0385053169 035 $a10769275 040 $aPUL(R)$bita 130 0 $aBiblia.$pV.T.$pRuth.$lInglese.$0(OLS)http://pul/title/41688 245 10$aRuth :$ba new translation with introduction, notes, and commentary /$cby Edward F. Campbell, Jr. 260 $aGarden City, N.Y. :$bDoubleday,$c1981. 300 $axx, 188 p. ;$c23 cm 490 1 $aThe Anchor Bible ;$v7 500 $aIndici: p. [177]-188. 630 04$aBiblia.$pV.T.$pRuth$xCommenti.$0(OLS)http://pul/subject/17197 700 1 $aCampbell, Edward Fay.$0(OLS)http://pul/name/24465 830 4$aThe Anchor Bible ;$v7.$0(OLS)http://pul/title/18634 850 $aPUL 852 $aPUL$W1$xSL Religione 1$y3$m1(6) G 7$j41898$nBK-PRI$b $qStampati$B41898$CPULBib$Z2$F41898 $H $81 852 $aPUL$W1$xDP1 Fondo Ciprotti$y59$m1532 A 7$j41899$nBK-PRI$b $qFondi$B41899$CPULBib$Z2$F41899 $H $81 941 1 $a8 941 1 $a1 961 $aINV: 50739 961 $aINV: 0008. Fondo Ciprotti 996 $6020$a0385053169$9(OLS)http://pul/number/38064 996 $6245$aRuth :$ba new translation with introduction, notes, and commentary$9(OLS)http://pul/title/41689 996 $6260$aGarden City, N.Y. :$bDoubleday$9(OLS)http://pul/publisher/53877 LEADER 01552nas a2200313 u 4500 001 000000010064 003 CaOOAMICUS 005 20140724114215.0 008 940516c19619999es fr p u0 u spa u 022 $a0021325X 035 $a10250045 040 $aPUL$bita 245 00$aIus Canonicum. 260 $aPamplona :$bFacultad de Derecho Canonico (Universidad de Navarra),$c1961- 300 $av.; ;$c24 cm 310 $aSemestrale 362 0 $aVol. I, 1961- 550 $aDal vol.8 (1968) pubblicata da: Instituto Martín de Azpilcueta - Facultad de derecho canonico - Universidad de Navarra 650 4$aDiritto canonico$vPeriodici.$0(OLS)http://pul/subject/1615 710 2 $aUniversidad de Navarra.$bFacultad de Derecho Canónico.$0(OLS)http://pul/name/9904 710 2 $aInstituto Martín De Azpilcueta (Universidad de Navarra).$0(OLS)http://pul/name/9903 774 1 $tEscritos en honor de Javier Hervada.$dPamplona : Instituto Martín de Azpilcueta. Facultad de Derecho Canónico. Universidad de Navarra, 1999.$w()125867 850 $aPUL 852 $aPUL$W1$xSL Riviste Correnti$y14$m4-16/SL262.905Riv.16/DP1318.E$j14285$nSE-PRI$qPeriodici$q$bv.1 (1961)-$B14285$CPULBib$Z2$F14285 $Hnull $81 941 1 $a5 961 $aAnnate 1976 e 1977 recuperate a ottobre 2014. 996 $6022$a0021325X$9(OLS)http://pul/number/12939 996 $6245$aIus Canonicum$9(OLS)http://pul/title/176518 996 $6260$aPamplona :$bFacultad de Derecho Canonico (Universidad de Navarra)$9(OLS)http://pul/publisher/52721